| 000 | 00480nam a22001337a 4500 | ||
|---|---|---|---|
| 003 | SGT | ||
| 020 | _a9788195172146 | ||
| 082 |
_a891.4309 _bI22K |
||
| 100 | _aकुमार, शैलेन्द्र | ||
| 245 | _aईसावाद तथा ओपनिवेशिक कानूनों के चक्र्व्यूह में झारखण्ड | ||
| 260 |
_bसभ्यता अध्यन केंद्र _c2022 |
||
| 300 | _a178 | ||
| 942 |
_2ddc _cBK |
||
| 999 |
_c30714 _d30714 |
||